<?xml version="1.0" encoding="UTF-8"?><?xml-stylesheet type="text/xsl" href="static/style.xsl"?><OAI-PMH xmlns="http://www.openarchives.org/OAI/2.0/" xmlns:xsi="http://www.w3.org/2001/XMLSchema-instance" xsi:schemaLocation="http://www.openarchives.org/OAI/2.0/ http://www.openarchives.org/OAI/2.0/OAI-PMH.xsd"><responseDate>2026-04-17T19:10:02Z</responseDate><request verb="GetRecord" identifier="oai:www.recercat.cat:20.500.14342/1711" metadataPrefix="marc">https://recercat.cat/oai/request</request><GetRecord><record><header><identifier>oai:recercat.cat:20.500.14342/1711</identifier><datestamp>2025-05-03T13:13:15Z</datestamp><setSpec>com_2072_482405</setSpec><setSpec>com_2072_183628</setSpec><setSpec>col_2072_482411</setSpec></header><metadata><record xmlns="http://www.loc.gov/MARC21/slim" xmlns:dcterms="http://purl.org/dc/terms/" xmlns:xsi="http://www.w3.org/2001/XMLSchema-instance" xmlns:doc="http://www.lyncode.com/xoai" xsi:schemaLocation="http://www.loc.gov/MARC21/slim http://www.loc.gov/standards/marcxml/schema/MARC21slim.xsd">
   <leader>00925njm 22002777a 4500</leader>
   <datafield ind2=" " ind1=" " tag="042">
      <subfield code="a">dc</subfield>
   </datafield>
   <datafield ind2=" " ind1=" " tag="720">
      <subfield code="a">Gandol Casado, Ferran</subfield>
      <subfield code="e">author</subfield>
   </datafield>
   <datafield ind2=" " ind1=" " tag="720">
      <subfield code="a">Carrillo Álvarez, Elena</subfield>
      <subfield code="e">author</subfield>
   </datafield>
   <datafield ind2=" " ind1=" " tag="720">
      <subfield code="a">Prats Fernández, Miquel Angel</subfield>
      <subfield code="e">author</subfield>
   </datafield>
   <datafield ind2=" " ind1=" " tag="260">
      <subfield code="c">2012</subfield>
   </datafield>
   <datafield ind2=" " ind1=" " tag="520">
      <subfield code="a">Este artículo analiza las potencialidades y limitaciones de la PDI, focalizando en las siguientes categorías&#xd;
de investigación: (1)contexto, (2)formación, (3)método y (4)uso de la PDI por parte del profesorado,&#xd;
(5)características de la PDI, (6)rendimiento y (7)motivación del alumnado. Los resultados sugieren&#xd;
como grandes potencialidades su naturaleza kinestésica junto con la convergencia de elementos multimedia&#xd;
y un entorno de conectividad. Por otro lado, una formación integral del profesorado y un contexto&#xd;
facilitador son esenciales para evitar su uso disruptivo. Es necesaria más investigación empírica que&#xd;
aporte datos rigurosos sobre rendimiento académico y el uso de la PDI.</subfield>
   </datafield>
   <datafield ind2=" " ind1=" " tag="520">
      <subfield code="a">This paper reviews the scientific literature concerning the potentials and limitations of interactive whiteboards&#xd;
(IWB), focusing on the following research categories: (1)context, (2)teacher training, (3)teachers' usage&#xd;
of IWB, (4)method, (5)IWB characteristics, (6)performance and (7)students' motivation. The results&#xd;
suggest that the convergence of multimedia elements along with a connectivity environment and its&#xd;
kinesthetic nature are great potentials of this tool. However, integral teachers' training and context&#xd;
support are key elements to avoid a disruptive usage. Further empirical research on the integration of&#xd;
IWB in the classroom and academic performance is needed.</subfield>
   </datafield>
   <datafield ind1="8" ind2=" " tag="024">
      <subfield code="a">http://hdl.handle.net/20.500.14342/1711</subfield>
   </datafield>
   <datafield tag="653" ind2=" " ind1=" ">
      <subfield code="a">Pissarres digitals interactives</subfield>
   </datafield>
   <datafield tag="653" ind2=" " ind1=" ">
      <subfield code="a">Educació infantil</subfield>
   </datafield>
   <datafield tag="653" ind2=" " ind1=" ">
      <subfield code="a">Educació primària</subfield>
   </datafield>
   <datafield tag="653" ind2=" " ind1=" ">
      <subfield code="a">Tecnologia educativa</subfield>
   </datafield>
   <datafield ind2="0" ind1="0" tag="245">
      <subfield code="a">Potencialidades y limitaciones de la pizarra digital interactiva: una revisión crítica de la literatura</subfield>
   </datafield>
</record></metadata></record></GetRecord></OAI-PMH>